The Book of the Sword : (Record no. 618232)

MARC details
000 -LEADER
fixed length control field 00503nam a2200193 a 4500
008 - FIXED-LENGTH DATA ELEMENTS--GENERAL INFORMATION
fixed length control field 260330s1987##################000#0#eng##
020 ## - INTERNATIONAL STANDARD BOOK NUMBER
ISBN 9780486254340
082 04 - DEWEY DECIMAL CLASSIFICATION NUMBER
Classification number 355.8241
Item number BUR
100 1# - MAIN ENTRY--AUTHOR NAME
Personal name Burton, Sir Richard F.,
245 10 - TITLE STATEMENT
Title The Book of the Sword :
260 ## - PUBLICATION, DISTRIBUTION, ETC. (IMPRINT)
Name of publisher Courier Corporation,
Year of publication 1987.
300 ## - PHYSICAL DESCRIPTION
Number of Pages 338 pages
650 #0 - SUBJECT ADDED ENTRY--TOPICAL TERM
Topical Term History.
942 ## - ADDED ENTRY ELEMENTS (KOHA)
Koha item type English Books
Holdings
Withdrawn status Lost status Damaged status Not for loan Home library Current library Shelving location Date acquired Full call number Accession Number Price effective from Koha item type
        Anna Centenary Library Anna Centenary Library 4TH FLOOR, A WING 30.03.2026 355.8241 BUR 444741 30.03.2026 English Books

Find us on the map